000 00806nam a2200265 a 4500
001 69812
003 BD-RjUL
005 20211209081928.0
008 170413s2004 ii a|||| |||| 001 0 eng d
020 _a8120328221
035 _a(BD-RjUL)70024
040 _aBD-RjUL
_beng
_cBD-RjUL
_dBD-RjUL
041 _aeng
082 _223
_a539
_bTAM 2005
100 1 _aTaylor, John R.
_9206772
245 1 0 _aModern physics :
_bfor Scientists and Engineers /
_cJohn R.Taylor, Chris D Zafiratos and Michael A. Dubson
250 _a2nd ed.
260 _aNew Delhi :
_bPrentice hall of India pvt Ltd.,
_cc2005
300 _a720 p. ;
_b24 cm
500 _aIncludes index
650 _aModern physics.
_9159266
700 _aZafiratos, Chris D
_9206773
700 _a Dubson, Michael A.
_9206774
942 _2ddc
_cBK
999 _c69812
_d69812